Poverty and health

Salvato in:
Dettagli Bibliografici
Natura: Libro
Lingua:inglese
Pubblicazione: Paris OECD-DAC Guidelines and Reference Series 2003
Soggetti:
Tags: Aggiungi Tag
Nessun Tag, puoi essere il primo ad aggiungerne!!

MARC

LEADER 00000nam a2200000 4500
001 c143252
005 20221124084809.5
020 |a 92-64-10018-0 
041 0 |a eng 
044 |a FR 
245 1 0 |a Poverty and health 
264 1 |a Paris  |b OECD-DAC Guidelines and Reference Series  |c 2003 
300 |a 92 s. 
610 2 0 |a zdravie 
610 2 0 |a chudoba 
610 2 0 |a investície 
610 2 0 |a zdravotníctvo 
610 2 0 |a krajiny rozvojové 
610 2 0 |a vzdelanie 
610 2 0 |a financovanie 
610 2 0 |a pomoc zahraničná 
610 2 0 |a svet 
610 2 0 |a OECD